00541nam a2200169Ia 4500003000900000008004100009020001800050040001600068080001800084245011200102250001200214260004200226300001500268490003100283650002900314700002800343IN-BaIIA211028s9999 xx 000 0 eng d a019 -860752-0 cIIA Library a(038)8.8bKNO 4aThe concise oxford dictionary of quotationscedited by Elizabeth Knowles  a4th ed. aOxfordbOxford University Pressc2003 avii, 547p. aOxford paperback reference aQuotations--Dictionaries aKnowles, Elizabeth, ed.